|
|
|
|
| LEADER |
00964nam a2200277 a 4500 |
| 001 |
000556782 |
| 003 |
CZ BrMZK |
| 005 |
20000105143423.0 |
| 007 |
ta |
| 008 |
000105s1986 xr eng d |
| 015 |
|
|
|a cnb000014601
|
| 035 |
|
|
|a (OCoLC)11599028
|
| 040 |
|
|
|a BOA001
|b cze
|
| 080 |
|
|
|a 802/809-54
|2 MRF
|
| 080 |
|
|
|a 801.56
|2 MRF
|
| 100 |
1 |
|
|a Sgall, Petr,
|d 1926-2019
|7 jk01110826
|
| 245 |
1 |
4 |
|a The Meaning of the Sentence in Its Semantic and Pragmatic Aspects /
|c P. Sgall, E. Hajičová, J. Panevová
|
| 250 |
|
|
|a 1. vyd.
|
| 260 |
|
|
|a Praha :
|b Academia,
|c 1986
|
| 300 |
|
|
|a 9, 353 s.
|
| 700 |
1 |
|
|a Panevová, Jarmila,
|d 1938-
|7 jk01091655
|4 aut
|
| 700 |
1 |
|
|a Hajičová, Eva,
|d 1935-
|7 jk01033102
|
| 910 |
|
|
|a BOA001
|b 2-0905.423
|
| 990 |
|
|
|a BK
|
| 996 |
6 |
|
|b 2619307865
|c 2-0905.423
|l MZK
|r Sklad / do 1 hodiny
|n 3
|w 000556782
|u 000020
|a 1
|e BOA001
|j MZK50
|s P
|
| 996 |
7 |
|
|b 2619729591
|c 2-0905.423
|l MZK
|r Sklad / do 1 hodiny
|n 23
|w 000556782
|u 000010
|a 1
|e BOA001
|j MZK50
|s A
|